| 000 | 02170nim a22003731i 4500 | ||
|---|---|---|---|
| 001 | sky301321812 | ||
| 003 | SKY | ||
| 005 | 20200902111536.0 | ||
| 007 | sd fungnnmmneu | ||
| 008 | 200730s2020 xx nnn f eng d | ||
| 020 | _a9781250622198 | ||
| 020 | _a1250622190 | ||
| 040 |
_dSKYRV _erda |
||
| 092 | _aCD Feeney | ||
| 099 | _aCD Fiction FEENEY Alice | ||
| 100 | 1 |
_aFeeney, Alice., _eauthor. _95967905 |
|
| 245 | 1 | 0 |
_aHis & hers _h[sound recording] : _ba novel / _cAlice Feeney. |
| 246 | 2 | 0 | _aHis and hers. |
| 264 | 1 |
_aNew York : _bMacmillan Audio, _c2020. |
|
| 300 |
_a9 audio discs (approximately 10.66 hr.) : _bdigital ; _c4 3/4 in. |
||
| 336 | _aspoken word | ||
| 337 | _aaudio | ||
| 338 | _aaudio disc | ||
| 500 | _aCompact discs. | ||
| 511 | 1 | _aRead by Richard Armitage and Stephanie Racine. | |
| 520 | _aAnna Andrews finally has what she wants. She's worked hard to become the main TV presenter of the BBC's lunchtime news, putting work before friends and family. So, when someone threatens to take her dream job away, she'll do almost anything to keep it. When asked to cover a murder in Blackdown, the village where she grew up, Anna is reluctant to go. But when the victim turns out to be one of her childhood friends, she can't leave. It soon becomes clear that Anna isn't just covering the story; she's at the heart of it. DCI Jack Harper left London for a reason but never thought he'd end up working in a place like Blackdown. When the body of a young woman is discovered, Jack decides not to tell anyone that he knew the victim, until he begins to realize he is a suspect in his own murder investigation. Someone isn't telling the truth. Alternating between Anna's and Jack's points of view, this is a fast-paced, complex, and dark puzzle that will keep listeners guessing until the very end. | ||
| 650 | 0 |
_aWomen journalists _vFiction. _95677282 |
|
| 650 | 0 |
_aPolice _vFiction. _95674544 |
|
| 650 | 0 |
_aMurder _xInvestigation _vFiction. _95673630 |
|
| 650 | 0 |
_aAudiobooks. _96371951 |
|
| 655 | 0 |
_aThrillers (Fiction). _95697221 |
|
| 907 | _a.b430984947 | ||
| 942 |
_2ddc _cAUDIOBOOK |
||
| 999 |
_c353036 _d353036 |
||